nepal... or bhutan or bangladesh? - Statistics

General Stats
  • This quiz has been taken 406 times
    357 since last reset
  • The average score is 13 of 15
Answer Stats
Question Answer % Correct
is the smallest country bhutan
97%
has a dragon on its flag bhutan
97%
nicknamed ''the land of the thunder dragon" bhutan
97%
has only 2 colors on its flag bangladesh
95%
gained independence from pakistan bangladesh
95%
border's india all of them
92%
border's burma bangladesh
92%
has a large amount of muslims bangladesh
92%
Is still a kingdom bhutan
89%
is the fifth most populated country in asia bangladesh
86%
the country's kingdom ended in 2008 nepal
86%
is the 2nd newest country in south asia bangladesh
73%
has the highest percentage of hindus nepal
73%
has the highest average elevation bhutan
51%
unified in 1768 nepal
51%
No matching quizzes found
Score Distribution
Percent of People with Each Score
Percentile by Number Answered
Your Score History
You have not taken this quiz since the last reset